000 01077nam0a2200301 4500
001 RU\NLR\BIBL_A\022141187
005 20250625135910.0
010 _9600
035 _a(NLR Aleph) 022141187
090 _a13320177
_c13320177
100 _a20240216d1939 |||y0rusy50 ca
101 0 _adar
102 _aRU
105 _ay z 000 y
181 0 _ai
_baxxe
182 0 _an
200 1 _aНСШ-лис ва СШ-лис дарган мезла программа
_e(5-7 ибти классунас)
_fС. Абдуллаев сост.
203 _aТекст
_bвизуальный
_cнепосредственный
210 _aМахачкала
_cДаг. гос. изд-во
_d1939
215 _a33,[1] с.
_d22
541 1 _aПрограмма даргинского языка для неполной средней и средней школы
_e(для 5-7 кл.)
_zrus
686 1 _aШ160.33
702 1 _aАбдуллаев
_bС.
_4220
852 _aNLR
_bОНЛ
_jДарг./3-41
852 _aNLR
_bОНЛ
_jДарг./3-41
942 _cBOOK
980 _aNB